[Event "M.Botvinnik Memorial 2012"]
[Site "St. Petersburg, Russia"]
[Date "2012.09.01"]
[Round "8.69"]
[White "Panov, Ivan"]
[Black "Kharmunova, Nadezhda"]
[Result "0-1"]
[WhiteElo "2033"]
[BlackElo "2219"]
[PlyCount "132"]
[EventDate "2012.08.25"]

1. e4 c6 2. d4 d5 3. exd5 cxd5 4. c4 Nf6 5. Nc3 Nc6 6. Nf3 Bg4 7. Be2 e6 8. h3
Bh5 9. Qb3 Bxf3 10. Bxf3 Nxd4 11. Qa4+ Qd7 12. Bd1 Qxa4 13. Bxa4+ Nc6 14. cxd5
Nxd5 15. Nxd5 exd5 16. O-O O-O-O 17. Bd2 Bb4 18. Bf4 Bd6 19. Bg5 f6 20. Bd2 Kb8
21. Rac1 Ne5 22. Bc3 Bc7 23. Bd4 Nc4 24. b3 Bb6 25. Bxf6 gxf6 26. bxc4 d4 27.
c5 Ba5 28. c6 d3 29. cxb7 d2 30. Rb1 Rhg8 31. Bd1 Rge8 32. g3 Re1 33. Bh5 Rd5
34. Bf3 Rc5 35. Rd1 Rc1 36. g4 h6 37. Kg2 Rcxd1 38. Bxd1 Kxb7 39. f4 Kc6 40. h4
Kd5 41. f5 Kd4 42. Kf2 Bc7 43. g5 hxg5 44. hxg5 fxg5 45. f6 Kc3 46. Bb3 Bb6+
47. Kg2 Kb2 48. Rf5 Rg1+ 49. Kh2 d1=Q 50. Bxd1 Rxd1 51. f7 Bc7+ 52. Kg2 Bd6 53.
f8=Q Bxf8 54. Rxf8 Rd5 55. Rf2+ Ka3 56. Kg3 a5 57. Kg4 a4 58. Re2 Rb5 59. Rd2
Rb2 60. Rd5 Kxa2 61. Kxg5 Rf2 62. Rb5 a3 63. Kg4 Ka1 64. Kg3 Rb2 65. Rf5 a2 66.
Kf3 Kb1 0-1

[Event "M.Botvinnik Memorial 2012"]
[Site "St. Petersburg, Russia"]
[Date "2012.09.01"]
[Round "8.70"]
[White "Rjanova, Valery"]
[Black "Mikhailov, Ivan"]
[Result "1-0"]
[WhiteElo "2208"]
[BlackElo "2026"]
[PlyCount "71"]
[EventDate "2012.08.25"]

1. e4 c5 2. Nf3 e6 3. d4 cxd4 4. Nxd4 Nc6 5. Nc3 d6 6. Be2 Nf6 7. O-O Be7 8.
Be3 O-O 9. Kh1 a6 10. f4 Qc7 11. Qe1 Nxd4 12. Bxd4 b5 13. a3 Bb7 14. Qg3 g6 15.
Bd3 e5 16. fxe5 Nh5 17. Qf2 dxe5 18. Be3 Bd6 19. Rad1 f6 20. Bxb5 Bxa3 21. Bb6
Qc8 22. Bd7 Qc4 23. Ba4 Kh8 24. Bb3 Qc8 25. bxa3 Qxc3 26. Bc5 Rfc8 27. Be7 Rf8
28. Bb4 Qc7 29. Bxf8 Rxf8 30. Bd5 Nf4 31. Bxb7 Qxb7 32. Rfe1 Qb2 33. Rd7 Qxa3
34. Qa7 Ne6 35. Rxh7+ Kg8 36. Rh3 1-0

[Event "M.Botvinnik Memorial 2012"]
[Site "St. Petersburg, Russia"]
[Date "2012.09.01"]
[Round "8.71"]
[White "Kopasov, Evgeny"]
[Black "Pimenov, Revolt"]
[Result "0-1"]
[WhiteElo "2007"]
[BlackElo "2186"]
[PlyCount "104"]
[EventDate "2012.08.25"]

1. d4 e6 2. c4 Nf6 3. Nc3 Bb4 4. Qc2 d5 5. a3 Be7 6. Nf3 c5 7. e3 cxd4 8. Nxd4
O-O 9. cxd5 Nxd5 10. Be2 Nxc3 11. Qxc3 Bf6 12. O-O Bd7 13. Rd1 Qb6 14. e4 Rc8
15. Qd3 Ba4 16. b3 Nc6 17. Nxc6 Qxc6 18. Rb1 Rd8 19. Qf3 Rxd1+ 20. Bxd1 Rd8 21.
Bf4 Bb5 22. e5 Be7 23. a4 Qxf3 24. Bxf3 Bc6 25. Bxc6 bxc6 26. Kf1 g5 27. Be3 a6
28. Rc1 Rc8 29. Bc5 Kf8 30. Ke2 Ke8 31. b4 Rb8 32. Bxe7 Kxe7 33. Rxc6 Rxb4 34.
Rxa6 Re4+ 35. Kf3 Rxe5 36. Ra7+ Kf6 37. g4 Kg6 38. a5 f5 39. gxf5+ exf5 40. a6
Ra5 41. Ra8 Kh5 42. Rf8 f4 43. Rf6 Ra3+ 44. Kg2 Kg4 45. h3+ Rxh3 46. a7 Ra3 47.
f3+ Kh5 48. Rf7 h6 49. Rh7 Ra4 50. Kh2 Ra6 51. Kh3 Ra2 52. Rb7 Ra3 0-1

[Event "M.Botvinnik Memorial 2012"]
[Site "St. Petersburg, Russia"]
[Date "2012.09.01"]
[Round "8.72"]
[White "Nikitinyh, Boris"]
[Black "Klukin, Kirill"]
[Result "1/2-1/2"]
[WhiteElo "2185"]
[BlackElo "2025"]
[PlyCount "116"]
[EventDate "2012.08.25"]

1. e4 c5 2. Nf3 Nc6 3. d4 cxd4 4. Nxd4 g6 5. Be2 Bg7 6. Be3 Nf6 7. Nc3 O-O 8.
O-O d6 9. h3 Nd7 10. Qd2 Nxd4 11. Bxd4 Bxd4 12. Qxd4 Qb6 13. Qd2 Nf6 14. b3 Kg7
15. Nd5 Nxd5 16. exd5 e5 17. dxe6 Bxe6 18. c4 Rfd8 19. Bf3 Rac8 20. Rad1 a5 21.
Rfe1 Rd7 22. Qc3+ Kg8 23. Bd5 Bxd5 24. Rxd5 a4 25. Red1 axb3 26. axb3 Rc5 27.
R5d4 Qd8 28. b4 Rc6 29. c5 b6 30. Qf3 Qc7 31. cxb6 Rxb6 32. h4 Qb7 33. Qf4 h5
34. R1d3 d5 35. Qd2 Rb5 36. Rg3 Kh7 37. Rf3 f5 38. Rfd3 Qc6 39. Re3 Rdb7 40.
Re5 Rd7 41. Qe3 Qb7 42. Qd2 Qc7 43. Re3 Qd6 44. Qe1 Qf6 45. Re5 f4 46. Ree4
dxe4 47. Rxd7+ Kh6 48. Qxe4 Re5 49. Qb1 Qxh4 50. Qc1 Qg5 51. Rf7 f3 52. Qxg5+
Kxg5 53. gxf3 Rb5 54. f4+ Kh6 55. Kg2 Rxb4 56. Kg3 Rb3+ 57. f3 Rb5 58. Re7 Rf5
1/2-1/2

[Event "M.Botvinnik Memorial 2012"]
[Site "St. Petersburg, Russia"]
[Date "2012.09.01"]
[Round "8.73"]
[White "Manin, Viktor"]
[Black "Opanasenko, Mikhail"]
[Result "1-0"]
[WhiteElo "2181"]
[BlackElo "2016"]
[PlyCount "39"]
[EventDate "2012.08.25"]

1. e4 e6 2. d4 d5 3. Nc3 Bb4 4. exd5 exd5 5. Bd3 c6 6. Nge2 Nf6 7. Bg5 O-O 8.
O-O Bg4 9. f3 Bh5 10. Ng3 Bg6 11. Nce2 Bxd3 12. Qxd3 h6 13. Bf4 Bd6 14. Be5
Bxe5 15. dxe5 Nfd7 16. f4 Nb6 17. Nf5 Qd7 18. Neg3 f6 19. Nh5 fxe5 20. fxe5 1-0

[Event "M.Botvinnik Memorial 2012"]
[Site "St. Petersburg, Russia"]
[Date "2012.09.01"]
[Round "8.74"]
[White "Pischikov, Vadim"]
[Black "Voronenkov, Sergey"]
[Result "1/2-1/2"]
[WhiteElo "2158"]
[BlackElo "2012"]
[PlyCount "122"]
[EventDate "2012.08.25"]

1. d4 Nf6 2. c4 g6 3. Nf3 Bg7 4. g3 d5 5. Bg2 O-O 6. O-O c5 7. dxc5 Na6 8. cxd5
Qxd5 9. Nc3 Qxc5 10. e4 Be6 11. Be3 Qa5 12. Qe2 Rac8 13. Rfd1 Nc5 14. Nd4 Ng4
15. Nxe6 Nxe3 16. Qxe3 Nxe6 17. Rd5 Rc5 18. e5 Rfc8 19. Rad1 Rxd5 20. Rxd5 Rc5
21. a3 Qc7 22. f4 b6 23. h3 Bf8 24. Nb5 Rc1+ 25. Kh2 Qc2 26. Rd2 Qa4 27. Nc3
Qa6 28. Rf2 Ra1 29. f5 Nc5 30. fxg6 Qd3 31. gxf7+ Kg7 32. Qg5+ Qg6 33. Qh4 Re1
34. Ne2 Nd3 35. Be4 Rh1+ 36. Bxh1 Nxf2 37. Nf4 Qxf7 38. Bd5 Qf5 39. Be6 Qxe5
40. Kg2 Ne4 41. Qg4+ Qg5 42. Nh5+ Kh6 43. Qxe4 Qd2+ 44. Kf3 Qd1+ 45. Kf4 Qxh5
46. h4 Bg7 47. Bf5 e5+ 48. Ke3 Qd1 49. Qc6+ Kh5 50. Qe8+ Kh6 51. Qe6+ Kh5 52.
Qf7+ Kh6 53. Bd3 Qg4 54. Kd2 e4 55. Be2 e3+ 56. Kd1 Qd4+ 57. Ke1 Qe5 58. g4
Qg3+ 59. Kd1 Qd6+ 60. Ke1 Qg3+ 61. Kd1 Qd6+ 1/2-1/2

[Event "M.Botvinnik Memorial 2012"]
[Site "St. Petersburg, Russia"]
[Date "2012.09.01"]
[Round "8.75"]
[White "Dushin, Nikolay"]
[Black "Ustinov, Alexey"]
[Result "1-0"]
[WhiteElo "1998"]
[BlackElo "2155"]
[PlyCount "101"]
[EventDate "2012.08.25"]

1. d4 Nf6 2. Nf3 g6 3. g3 Bg7 4. Bg2 O-O 5. O-O d5 6. c4 c6 7. cxd5 Nxd5 8. e4
Nb6 9. h3 Na6 10. Nc3 Nc7 11. b3 Ne6 12. Ne2 c5 13. Bb2 cxd4 14. Nfxd4 Nxd4 15.
Bxd4 Bxd4 16. Qxd4 Qxd4 17. Nxd4 e5 18. Nb5 Bd7 19. Nd6 Bc6 20. f4 f6 21. Rad1
Rad8 22. h4 Rd7 23. Bh3 Rc7 24. Rd2 Rd8 25. Be6+ Kg7 26. Nf5+ gxf5 27. Rxd8 Bb5
28. Rfd1 fxe4 29. fxe5 fxe5 30. Re1 Kf6 31. Bg4 Bd3 32. Rd6+ Kf7 33. a4 Rc5 34.
Bf5 Bc2 35. Bxe4 Bxb3 36. a5 Rxa5 37. Bxb7 Ke7 38. Rh6 Bc2 39. Rc1 Ra2 40. Rc6
Bd3 41. Rc7+ Ke6 42. R1c6+ Kf5 43. Rc3 e4 44. Rg7 h6 45. Rc5+ Kf6 46. Rh7 Nc4
47. Rxh6+ Kg7 48. Ra6 Re2 49. Rc7+ Kf8 50. Rf6+ Kg8 51. Bd5+ 1-0

[Event "M.Botvinnik Memorial 2012"]
[Site "St. Petersburg, Russia"]
[Date "2012.09.01"]
[Round "8.76"]
[White "Pogosian, Vladimir"]
[Black "Andreeva, Yulia"]
[Result "1-0"]
[WhiteElo "2150"]
[BlackElo "1928"]
[PlyCount "89"]
[EventDate "2012.08.25"]

1. e4 c5 2. Nc3 d6 3. f4 Nf6 4. Nf3 e6 5. Be2 Be7 6. O-O O-O 7. d3 Nc6 8. Qe1
Rb8 9. a4 a6 10. h3 b5 11. axb5 axb5 12. g4 b4 13. Nd1 Nd7 14. Ne3 Nd4 15. g5
e5 16. fxe5 Nxf3+ 17. Bxf3 Bxg5 18. exd6 Ne5 19. Qg3 Nxf3+ 20. Rxf3 Bh4 21. Qe5
Rb6 22. Nc4 Rb5 23. Ra8 Bf6 24. Qg3 Bd4+ 25. Kh2 Qd7 26. Bd2 Qb7 27. Rxc8 Qxc8
28. c3 bxc3 29. bxc3 f5 30. e5 Qe6 31. cxd4 cxd4 32. Qh4 Qd5 33. Rg3 Rb1 34.
Rg2 Rb7 35. Bg5 Rbf7 36. Qf4 Kh8 37. Re2 Qe6 38. Qxd4 f4 39. Rf2 f3 40. Qg4 Qd5
41. e6 Rf5 42. e7 Re8 43. Qe4 Rxg5 44. Rxf3 Kg8 45. Rf8+ 1-0

[Event "M.Botvinnik Memorial 2012"]
[Site "St. Petersburg, Russia"]
[Date "2012.09.01"]
[Round "8.77"]
[White "Shirokov, Alexander"]
[Black "Schroer, Marcel"]
[Result "1/2-1/2"]
[WhiteElo "1972"]
[BlackElo "2143"]
[PlyCount "64"]
[EventDate "2012.08.25"]

1. d4 d5 2. c4 c6 3. Nf3 Nf6 4. e3 Bg4 5. Qb3 Qb6 6. Ne5 Bh5 7. Nc3 e6 8. Bd3
Nbd7 9. f4 Bg6 10. Bxg6 hxg6 11. c5 Qc7 12. Qa4 Be7 13. O-O Bd8 14. b4 Ne4 15.
Nxe4 dxe4 16. Qc2 Nf6 17. g4 a5 18. bxa5 Qxa5 19. g5 Nd5 20. Nc4 Qa6 21. Nd6+
Ke7 22. Nxe4 Ba5 23. a3 Rh3 24. Ng3 Rah8 25. Qb3 Rxg3+ 26. hxg3 Rh1+ 27. Kxh1
Qxf1+ 28. Kh2 Qf2+ 29. Kh3 Qf1+ 30. Kh2 Qf2+ 31. Kh3 Qf1+ 32. Kh2 Qf2+ 1/2-1/2

[Event "M.Botvinnik Memorial 2012"]
[Site "St. Petersburg, Russia"]
[Date "2012.09.01"]
[Round "8.78"]
[White "Katyshkina, Anastasia"]
[Black "Eryshkanova, Anastasiya"]
[Result "0-1"]
[WhiteElo "1923"]
[BlackElo "2142"]
[PlyCount "46"]
[EventDate "2012.08.25"]

1. e4 c6 2. d4 g6 3. f4 Bg7 4. Nf3 d5 5. e5 Nh6 6. Bd3 c5 7. c3 cxd4 8. cxd4
Nc6 9. Nc3 O-O 10. Qb3 Bf5 11. Be2 Be4 12. Qxb7 Bxf3 13. Qxc6 Bxg2 14. Rg1 Be4
15. Nxe4 Rc8 16. Qa4 dxe4 17. Bd2 e6 18. Qxa7 Qh4+ 19. Kd1 Qxh2 20. Re1 Nf5 21.
Qb7 Rfd8 22. Qxe4 Rxd4 23. Qf3 Rcd8 0-1

[Event "M.Botvinnik Memorial 2012"]
[Site "St. Petersburg, Russia"]
[Date "2012.09.01"]
[Round "8.79"]
[White "Andronov, Mikhail G"]
[Black "Kharchenko, Daniil"]
[Result "1/2-1/2"]
[WhiteElo "2139"]
[BlackElo "2006"]
[PlyCount "102"]
[EventDate "2012.08.25"]

1. e4 d5 2. exd5 Qxd5 3. Nc3 Qd6 4. d4 Nf6 5. Nf3 a6 6. Bd3 Nc6 7. O-O Bg4 8.
Ne4 Nxe4 9. Bxe4 O-O-O 10. c3 g6 11. Qb3 Be6 12. c4 Bf5 13. c5 Qe6 14. Bxc6
Qxb3 15. axb3 bxc6 16. Rxa6 Kb7 17. Ra3 Bg7 18. Be3 h6 19. Rfa1 Ra8 20. Nd2 Be6
21. Nc4 Bd5 22. Ra4 Rxa4 23. Rxa4 Ra8 24. Rxa8 Kxa8 25. f3 Kb7 26. Kf2 Ka6 27.
Ke2 Kb5 28. Kd3 Kb4 29. Bf4 Kxb3 30. Ne3 e6 31. Be5 Bf8 32. Bxc7 Kxb2 33. Ng4
f5 34. Ne5 g5 35. Ng6 Bg7 36. Be5 Bxe5 37. Nxe5 h5 38. g3 Kb3 39. Ke3 Kc3 40.
Ng6 Bb3 41. f4 g4 42. Ne5 Bd5 43. Nd7 Kc2 44. Nf6 Kd1 45. Nxh5 Ke1 46. Kd3 Kf2
47. Kd2 Kf3 48. Kd3 Be4+ 49. Kd2 Bb1 50. Nf6 Ba2 51. Nh5 Bd5 1/2-1/2

[Event "M.Botvinnik Memorial 2012"]
[Site "St. Petersburg, Russia"]
[Date "2012.09.01"]
[Round "8.80"]
[White "Zizlova, Sofia"]
[Black "Klevets, Ksenia"]
[Result "1-0"]
[WhiteElo "2135"]
[BlackElo "1831"]
[PlyCount "79"]
[EventDate "2012.08.25"]

1. e4 c5 2. Nf3 Nc6 3. Bb5 g6 4. Bxc6 dxc6 5. d3 Bg7 6. h3 e5 7. Nc3 Ne7 8. Be3
Qd6 9. Qd2 h6 10. Nh2 g5 11. Nf1 O-O 12. O-O-O Be6 13. g3 Ng6 14. h4 Bg4 15.
hxg5 Bxd1 16. gxh6 Bf6 17. Qxd1 c4 18. dxc4 Qxd1+ 19. Nxd1 Kh7 20. f4 exf4 21.
gxf4 Rae8 22. Ng3 Bd8 23. Nc3 Bb6 24. c5 Bc7 25. Nh5 Bd8 26. Bd4 f5 27. Ng7 Re7
28. Nxf5 Rd7 29. Bg7 Rff7 30. Ne2 Bc7 31. Rf1 Rd8 32. Bc3 Re8 33. Nd6 Bxd6 34.
cxd6 Rxe4 35. f5 Nf8 36. Ng3 Re3 37. Nh5 Rh3 38. Nf6+ Kxh6 39. Rg1 Rxc3 40. d7
1-0

[Event "M.Botvinnik Memorial 2012"]
[Site "St. Petersburg, Russia"]
[Date "2012.09.01"]
[Round "8.81"]
[White "Chernyak, Viktoria"]
[Black "Yakupova, Aysyla"]
[Result "0-1"]
[WhiteElo "1933"]
[BlackElo "2116"]
[PlyCount "114"]
[EventDate "2012.08.25"]

1. e4 c5 2. Nf3 g6 3. d4 cxd4 4. Nxd4 Bg7 5. Be2 Nc6 6. Nb3 Nf6 7. Nc3 O-O 8.
O-O d6 9. h3 a6 10. a4 Be6 11. Be3 Na5 12. Nxa5 Qxa5 13. Bd4 Rac8 14. Rb1 Qb4
15. Nd5 Bxd5 16. exd5 Qxa4 17. b3 Qa5 18. Bxf6 Bxf6 19. c4 Qb4 20. Qd3 Rc5 21.
f4 b5 22. Kh1 bxc4 23. bxc4 Qc3 24. Qxc3 Bxc3 25. Rf3 Bd4 26. Ra3 Ra8 27. Rbb3
Rc7 28. Ra5 Rc5 29. Raa3 Kf8 30. Kh2 Ke8 31. g3 Kd8 32. Kg2 Rc7 33. Ra5 Rca7
34. h4 Kc7 35. h5 Bb6 36. Ra1 a5 37. Rb5 Bc5 38. hxg6 hxg6 39. Kf3 Bb4 40. Bd3
Rb7 41. f5 Rxb5 42. cxb5 gxf5 43. Bxf5 Rb8 44. Bd3 Kb6 45. g4 Kc5 46. Ke4 Rg8
47. Be2 Rg5 48. Rf1 Re5+ 49. Kf3 Rxd5 50. Rc1+ Kb6 51. Rc6+ Kb7 52. Kg2 Rd2 53.
Kf1 d5 54. g5 a4 55. g6 fxg6 56. Rxg6 a3 57. Ra6 a2 0-1

[Event "M.Botvinnik Memorial 2012"]
[Site "St. Petersburg, Russia"]
[Date "2012.09.01"]
[Round "8.83"]
[White "Petrochenko, Maria"]
[Black "Bogachkova, Alena"]
[Result "0-1"]
[WhiteElo "1694"]
[BlackElo "2086"]
[PlyCount "52"]
[EventDate "2012.08.25"]

1. d4 g6 2. c4 Bg7 3. e4 d6 4. Nc3 e5 5. d5 Ne7 6. Bd3 O-O 7. Nge2 a5 8. O-O f5
9. f3 f4 10. Bd2 Na6 11. a3 Bd7 12. Bc2 h5 13. Be1 g5 14. Rb1 Rf6 15. b4 axb4
16. axb4 Rg6 17. Ba4 Bc8 18. Kh1 g4 19. Bd2 Kh8 20. Rg1 Ng8 21. Qe1 g3 22. h3
Qh4 23. Qf1 Nf6 24. Be1 Nh7 25. Nc1 Ng5 26. Qe2 Nxh3 0-1

[Event "M.Botvinnik Memorial 2012"]
[Site "St. Petersburg, Russia"]
[Date "2012.09.01"]
[Round "8.84"]
[White "Lupik, Marina"]
[Black "Molchanov, Alexander"]
[Result "1-0"]
[WhiteElo "2197"]
[BlackElo "1783"]
[PlyCount "71"]
[EventDate "2012.08.25"]

1. e4 Nc6 2. d4 d5 3. Nc3 dxe4 4. d5 Ne5 5. Qd4 Ng6 6. Qxe4 Nf6 7. Qa4+ Bd7 8.
Bb5 a6 9. Bxd7+ Qxd7 10. Qxd7+ Kxd7 11. Nf3 h6 12. h4 Ng4 13. O-O N4e5 14.
Nxe5+ Nxe5 15. Re1 Nc4 16. b3 Nd6 17. Na4 b6 18. Bf4 g6 19. c4 Bg7 20. Rac1 Nf5
21. c5 b5 22. c6+ Kc8 23. Nc5 Bf6 24. g3 Nd4 25. Kg2 Nf5 26. Nd7 Kd8 27. d6
cxd6 28. Nb6 Ra7 29. Nd5 g5 30. c7+ Rxc7 31. Rxc7 gxf4 32. Rec1 Rh7 33. Nb6 f3+
34. Kh3 e5 35. Rd7+ Ke8 36. Rc8+ 1-0

[Event "M.Botvinnik Memorial 2012"]
[Site "St. Petersburg, Russia"]
[Date "2012.09.01"]
[Round "8.86"]
[White "Lagashin, Pavel"]
[Black "Boytsov, Alexander"]
[Result "0-1"]
[WhiteElo "2175"]
[BlackElo "1920"]
[PlyCount "64"]
[EventDate "2012.08.25"]

1. c4 e6 2. g3 d5 3. Bg2 Nf6 4. Nf3 Be7 5. O-O O-O 6. Qc2 c5 7. Na3 Nc6 8. Rd1
d4 9. e3 e5 10. exd4 cxd4 11. d3 Bxa3 12. bxa3 Re8 13. Rb1 Qc7 14. Re1 h6 15.
Nd2 Bf5 16. c5 Na5 17. a4 Rac8 18. Ba3 Nd7 19. Rec1 b6 20. c6 Nb8 21. Nc4 Nxc4
22. Qxc4 Be6 23. Qc2 Na6 24. a5 Qd8 25. axb6 axb6 26. Rb5 Qc7 27. Qb2 Rb8 28.
Rb1 Bf5 29. Qb3 Kh8 30. Rxb6 Rxb6 31. Qxb6 Rb8 32. Qb7 Bc8 0-1

[Event "M.Botvinnik Memorial 2012"]
[Site "St. Petersburg, Russia"]
[Date "2012.09.01"]
[Round "8.87"]
[White "Kukhmazov, Arsen"]
[Black "Kaneyama, Men Cher"]
[Result "1-0"]
[WhiteElo "2154"]
[BlackElo "1955"]
[PlyCount "71"]
[EventDate "2012.08.25"]

1. d4 d5 2. c4 e6 3. Nc3 Nf6 4. cxd5 exd5 5. Bg5 c6 6. e3 Be7 7. Bd3 O-O 8.
Nge2 Nbd7 9. O-O Re8 10. Qc2 Nf8 11. f3 Nh5 12. Bxe7 Qxe7 13. e4 dxe4 14. fxe4
Qg5 15. Kh1 Ng6 16. e5 Be6 17. Ne4 Qg4 18. Nd6 Bd5 19. Nc3 Rf8 20. Nxd5 cxd5
21. Qf2 Nhf4 22. Bf5 Qg5 23. Qf3 Nh4 24. Qg4 Qxg4 25. Bxg4 Nfxg2 26. Rxf7 Ne3
27. Be6 Rxf7 28. Bxf7+ Kf8 29. Re1 Nhf5 30. Bxd5 Nxd6 31. Rxe3 Nb5 32. Rf3+ Ke8
33. Bxb7 Rb8 34. Bc6+ Ke7 35. Bxb5 Rxb5 36. Rb3 1-0

[Event "M.Botvinnik Memorial 2012"]
[Site "St. Petersburg, Russia"]
[Date "2012.09.01"]
[Round "8.88"]
[White "Zakharov, Yuri"]
[Black "Korchagina, Viktoria"]
[Result "0-1"]
[WhiteElo "1907"]
[BlackElo "2071"]
[PlyCount "58"]
[EventDate "2012.08.25"]

1. Nf3 c5 2. g3 Nc6 3. Bg2 e5 4. e4 Nf6 5. d3 d5 6. Nbd2 Be7 7. O-O O-O 8. c3
d4 9. Nc4 Nd7 10. cxd4 cxd4 11. a4 f6 12. a5 Nc5 13. Ne1 Be6 14. Bd2 Nxd3 15.
Nxd3 Bxc4 16. Qc2 Bf7 17. Bh3 Bd6 18. a6 Qb6 19. axb7 Qxb7 20. Nc5 Bxc5 21.
Qxc5 Qxb2 22. Rfd1 Qb6 23. Qa3 a5 24. Rab1 Qa6 25. Qc5 Rfb8 26. Rbc1 Nb4 27.
Qe7 Rb7 28. Rc7 Rxc7 29. Qxc7 Qe2 0-1

[Event "M.Botvinnik Memorial 2012"]
[Site "St. Petersburg, Russia"]
[Date "2012.09.01"]
[Round "8.89"]
[White "Aleksandrov, Grigoriy"]
[Black "Rassokhina, Ekaterina"]
[Result "0-1"]
[WhiteElo "1845"]
[BlackElo "2062"]
[PlyCount "68"]
[EventDate "2012.08.25"]

1. d4 Nf6 2. c4 e6 3. e3 b6 4. Nc3 Bb7 5. Nf3 Bb4 6. Bd2 O-O 7. Bd3 Bxc3 8.
Bxc3 Ne4 9. O-O f5 10. Bxe4 fxe4 11. Nd2 d5 12. Qg4 Qd6 13. c5 Qe7 14. Bb4 Nc6
15. Bc3 Ba6 16. Rfe1 Rf6 17. f4 exf3 18. Nxf3 Bd3 19. cxb6 axb6 20. Nd2 Raf8
21. g3 Nb4 22. Bxb4 Qxb4 23. Nb3 c5 24. Qd1 c4 25. Qd2 Qb5 26. Nc1 Rf1+ 27.
Rxf1 Rxf1+ 28. Kg2 c3 29. Qxc3 Be4+ 30. Kh3 Qe8 31. g4 Rf3+ 32. Kh4 g5+ 33.
Kxg5 Qg6+ 34. Kh4 Qh6# 0-1

[Event "M.Botvinnik Memorial 2012"]
[Site "St. Petersburg, Russia"]
[Date "2012.09.01"]
[Round "8.90"]
[White "Potyavin, Igor"]
[Black "Kozlov, Mikhail"]
[Result "1-0"]
[WhiteElo "2053"]
[BlackElo "1872"]
[PlyCount "91"]
[EventDate "2012.08.25"]

1. d4 d5 2. c4 c6 3. Nf3 e6 4. Nbd2 Nf6 5. g3 Ne4 6. Bg2 f5 7. O-O Bd6 8. Ne1
Qf6 9. Nxe4 dxe4 10. f3 exf3 11. Nxf3 O-O 12. e4 Qe7 13. e5 Bc7 14. Bg5 Qf7 15.
Bf4 h6 16. h4 Nd7 17. Rc1 Rd8 18. Qe2 Nf8 19. Rfd1 Bd7 20. b4 Be8 21. a4 a6 22.
a5 Rac8 23. Rd3 Bb8 24. Rcd1 Ba7 25. Ne1 Qe7 26. c5 g5 27. hxg5 hxg5 28. Bc1 g4
29. Nc2 Bb8 30. Kf2 Qg7 31. Rh1 Bg6 32. Bf4 Kf7 33. Ne3 Rd7 34. Nc4 Bc7 35. Qe3
Nh7 36. Rdd1 Rh8 37. Rh4 Bd8 38. Rh2 Be7 39. Rdh1 Rhd8 40. Nd6+ Bxd6 41. cxd6
Kg8 42. Rc1 Nf8 43. Bh6 Qf7 44. Bxf8 Qxf8 45. Rch1 Rg7 46. Rh8+ 1-0

[Event "M.Botvinnik Memorial 2012"]
[Site "St. Petersburg, Russia"]
[Date "2012.09.01"]
[Round "8.91"]
[White "Nikomanis, Andreas"]
[Black "Radkov, Bazhen D"]
[Result "0-1"]
[WhiteElo "2049"]
[BlackElo "1805"]
[PlyCount "78"]
[EventDate "2012.08.25"]

1. e4 e5 2. Nf3 Nf6 3. Nxe5 d6 4. Nf3 Nxe4 5. Nc3 Nxc3 6. dxc3 Be7 7. Bf4 Be6
8. Nd4 Nd7 9. Nxe6 fxe6 10. Qg4 e5 11. Be3 O-O 12. Bh6 Bf6 13. O-O-O Kh8 14.
Be3 Re8 15. Bd3 Nf8 16. Be4 c6 17. c4 Qa5 18. Kb1 Rad8 19. Qf3 Qb4 20. Qe2 Ne6
21. Qd2 Qxc4 22. f3 d5 23. Bd3 Qh4 24. g3 Qh5 25. g4 Qh4 26. Bxa7 c5 27. Bf5 c4
28. Bf2 Qh3 29. Bg3 Bg5 30. Qc3 Nd4 31. Rhe1 Bf6 32. Qa5 Nxf3 33. Rf1 Nd4 34.
g5 Nxf5 35. gxf6 Ne3 36. fxg7+ Kg8 37. Bxe5 Nxf1 38. Rxd5 Rxd5 39. Qxd5+ Qe6
0-1

[Event "M.Botvinnik Memorial 2012"]
[Site "St. Petersburg, Russia"]
[Date "2012.09.01"]
[Round "8.92"]
[White "Shakirova, Renata"]
[Black "Yakovlev, Yuri S"]
[Result "1-0"]
[WhiteElo "1722"]
[BlackElo "2035"]
[PlyCount "81"]
[EventDate "2012.08.25"]

1. e4 c5 2. Nf3 e6 3. d4 cxd4 4. Nxd4 a6 5. Bd3 b5 6. O-O Bb7 7. a4 bxa4 8.
Rxa4 Qc7 9. f4 Bc5 10. Kh1 Nc6 11. Nb3 Bb6 12. Qg4 g6 13. Nc3 h5 14. Qh4 Qd8
15. Qh3 Nh6 16. Be3 Ng4 17. Bxb6 Qxb6 18. Qh4 f6 19. Nd1 O-O-O 20. Nf2 g5 21.
Qg3 gxf4 22. Qxf4 e5 23. Qd2 Rdg8 24. Nxg4 hxg4 25. Rxf6 g3 26. h3 Rxh3+ 27.
gxh3 g2+ 28. Qxg2 Rxg2 29. Kxg2 Qe3 30. Rf3 Qe1 31. Nc5 Nb4 32. Rf1 Qd2+ 33.
Rf2 Qg5+ 34. Kh2 Nxd3 35. cxd3 Qe3 36. Rf8+ Kc7 37. Rc4 Bc6 38. Nxa6+ Kd6 39.
Nb4 Qe2+ 40. Kg3 Bb5 41. Rf6+ 1-0

[Event "M.Botvinnik Memorial 2012"]
[Site "St. Petersburg, Russia"]
[Date "2012.09.01"]
[Round "8.93"]
[White "Sorokina, Svetlana"]
[Black "Sazonova, Anastasia"]
[Result "0-1"]
[WhiteElo "1713"]
[BlackElo "2002"]
[PlyCount "84"]
[EventDate "2012.08.25"]

1. d4 Nf6 2. c4 g6 3. Nc3 Bg7 4. e4 d6 5. Nf3 O-O 6. Be2 e5 7. d5 Nbd7 8. O-O
h6 9. b4 Ne8 10. Qc2 f5 11. Kh1 Ndf6 12. c5 fxe4 13. Nxe4 Nxe4 14. Qxe4 Bf5 15.
Qc4 a5 16. Bd2 Nf6 17. Rad1 g5 18. bxa5 Bg6 19. Kg1 Bf7 20. Bb4 c6 21. cxd6
Nxd5 22. Qc5 Nxb4 23. Qxb4 Qxa5 24. Qxb7 Bd5 25. Qb1 Qxa2 26. Qxa2 Rxa2 27. Rd2
e4 28. Rxa2 exf3 29. Bxf3 Bxa2 30. Bxc6 Rd8 31. d7 Be6 32. Rd1 Kf8 33. Bb5 Ke7
34. Re1 Bc3 35. Re3 Rb8 36. Bc4 Rb1+ 37. Bf1 Ba5 38. g3 Kxd7 39. Kg2 Bd5+ 40.
f3 g4 41. Be2 Bb6 42. Rc3 Rg1# 0-1

[Event "M.Botvinnik Memorial 2012"]
[Site "St. Petersburg, Russia"]
[Date "2012.09.01"]
[Round "8.94"]
[White "Veelenturf, Wim"]
[Black "Kazantsev, Alexandr"]
[Result "0-1"]
[WhiteElo "1690"]
[BlackElo "1960"]
[PlyCount "40"]
[EventDate "2012.08.25"]

1. e4 c5 2. c3 Nf6 3. d3 Nc6 4. Nf3 d5 5. Qc2 e5 6. Bg5 Be7 7. Be2 Be6 8. Nbd2
O-O 9. O-O h6 10. Bh4 a6 11. a3 Rc8 12. Rac1 b5 13. Qb1 dxe4 14. dxe4 g5 15.
Bg3 g4 16. Rcd1 gxf3 17. Bxf3 Qb6 18. h3 Rcd8 19. Qc1 Kh7 20. Bh5 c4 0-1

[Event "M.Botvinnik Memorial 2012"]
[Site "St. Petersburg, Russia"]
[Date "2012.09.01"]
[Round "8.95"]
[White "Safronov, Kirill"]
[Black "Lyazhkov, Sergey"]
[Result "1-0"]
[WhiteElo "2034"]
[BlackElo "1769"]
[PlyCount "91"]
[EventDate "2012.08.25"]

1. e4 e5 2. Nf3 Nc6 3. Bc4 Bc5 4. O-O Nf6 5. d3 d6 6. c3 Be6 7. Bxe6 fxe6 8.
Qb3 Qc8 9. Ng5 Nd8 10. Be3 Bxe3 11. fxe3 h6 12. Nf3 O-O 13. Nbd2 Nc6 14. Rae1
Qd7 15. d4 exd4 16. exd4 a5 17. e5 dxe5 18. Nxe5 Nxe5 19. Rxe5 Rfe8 20. Rfe1
Nd5 21. Qc2 Qc6 22. Qe4 Kf7 23. a3 Ra6 24. Qf3+ Nf6 25. Qxc6 bxc6 26. a4 Nd7
27. R5e4 Re7 28. Nc4 Nf6 29. R4e2 c5 30. Ne5+ Kg8 31. dxc5 Nd5 32. g3 c6 33.
Nc4 Nc7 34. Ne5 Kh7 35. Rf1 Nd5 36. Rf7 Rxf7 37. Nxf7 Nc7 38. Nd8 Ra8 39. Nxc6
Rc8 40. Nd4 Na6 41. Nxe6 Nxc5 42. Nxc5 Rxc5 43. Re3 g5 44. Kf2 g4 45. Re4 h5
46. Ke3 1-0

[Event "M.Botvinnik Memorial 2012"]
[Site "St. Petersburg, Russia"]
[Date "2012.09.01"]
[Round "8.96"]
[White "Shemenko, Georgy"]
[Black "Chuprova, Irina"]
[Result "1-0"]
[WhiteElo "1746"]
[BlackElo "1972"]
[PlyCount "73"]
[EventDate "2012.08.25"]

1. e4 c5 2. Nf3 Nc6 3. Bb5 d6 4. Bxc6+ bxc6 5. O-O e5 6. h3 f5 7. d3 Nf6 8. Re1
Be7 9. c3 fxe4 10. dxe4 O-O 11. Qb3+ Kh8 12. Na3 Nh5 13. Be3 Nf4 14. Bxf4 Rxf4
15. Re3 Qe8 16. Nc4 Be6 17. Qa4 Qg6 18. Kh2 Raf8 19. Ncd2 d5 20. Nxe5 Qh5 21.
Nd3 Rh4 22. Qxc6 Bg5 23. Qxe6 Bxe3 24. fxe3 dxe4 25. Nf4 Qg5 26. Nxe4 Qd8 27.
Nd6 Qc7 28. Nd5 Qb8 29. Kh1 h6 30. Nf7+ Kh7 31. Ne7 Rxf7 32. Qxf7 Ra4 33. Nf5
Qe5 34. Ne7 Qb8 35. Qf5+ Kh8 36. Rf1 Rxa2 37. Ng6+ 1-0